000 00311nam a2200133Ia 4500
008 220204s9999 xx 000 0 und d
082 _a591
_bSTO
100 _aSTORE, Tracy I
245 0 _aGeneral zoology.
250 _aEd.5
260 _aNew Delhi
_bTata Mcgraw Hill
_c1951
650 _aZoology
942 _cBK
999 _c24749
_d24749